Learn French the Easy Way / (Record no. 185718)
[ view plain ]
| 000 -LEADER | |
|---|---|
| fixed length control field | 00538 a2200169 4500 |
| 003 - CONTROL NUMBER IDENTIFIER | |
| control field | Nust |
| 005 - DATE AND TIME OF LATEST TRANSACTION | |
| control field | 20230316104040.0 |
| 040 ## - CATALOGING SOURCE | |
| Transcribing agency | Nust |
| 082 ## - DEWEY DECIMAL CLASSIFICATION NUMBER | |
| Classification number | 440,BOU |
| 100 ## - MAIN ENTRY--PERSONAL NAME | |
| Personal name | Bourdon, Peter. |
| 9 (RLIN) | 110377 |
| 245 ## - TITLE STATEMENT | |
| Title | Learn French the Easy Way / |
| Statement of responsibility, etc. | Peter Bourdon, |
| 260 ## - PUBLICATION, DISTRIBUTION, ETC. | |
| Place of publication, distribution, etc. | Bronxville, Cambridge Book Co. |
| Name of publisher, distributor, etc. | N.Y., |
| Date of publication, distribution, etc. | [1960] |
| 300 ## - PHYSICAL DESCRIPTION | |
| Extent | 240, 142 p. |
| Other physical details | illus. 19 cm. |
| 505 ## - FORMATTED CONTENTS NOTE | |
| Formatted contents note | Grammar (Page-7), Verbs (Page-176), Idioms (Page-185), Conversation Pieces (Page-201), Vocabulary (Page-214). |
| 650 ## - SUBJECT ADDED ENTRY--TOPICAL TERM | |
| Topical term or geographic name entry element | French |
| 9 (RLIN) | 110378 |
| 942 ## - ADDED ENTRY ELEMENTS (KOHA) | |
| Source of classification or shelving scheme | |
| Koha item type | Book |
| Withdrawn status | Lost status | Source of classification or shelving scheme | Damaged status | Not for loan | Permanent Location | Current Location | Shelving location | Date acquired | Full call number | Barcode | Date last seen | Price effective from | Koha item type | Public note |
|---|---|---|---|---|---|---|---|---|---|---|---|---|---|---|
| Military College of Signals (MCS) | Military College of Signals (MCS) | General Stacks | 12/12/2016 | 440,BOU | MCS30056 | 12/08/2016 | 12/12/2016 | Book | Almirah No.74, Shelf No.4 |
